Plagas domésticas : (Registro nro. 7865)

Detalles MARC
000 -LIDER
fixed length control field 00963nam a2200289 a 4500
001 - NÚMERO DE CONTROL
Identificador de número de control 000026329
003 - IDENTIFICACDOR DE NÚMERO DE CONTROL
control field DO-SdBNP
005 - DATE AND TIME OF LATEST TRANSACTION
control field 20180409143042.0
007 - CAMPOS FIJOS DE DESCRIPCIÓN FÍSICA
fixed length control field 000026329
008 - ELEMENTOS DE LONGITUD FIJA
fixed length control field 110314s20uu dr a 001 0 spa d
040 ## - FUENTE DE CATALOGACIÓN
Agencia que crea de manera original el registro BPMET
Idioma de catalogación spa
Agencia que realiza la transcripción BPMET
092 ## - LOCALLY ASSIGNED DEWEY DECIMAL CALL NUMBER
Número de clasificación 648.7
Número de ítem (Cutter) A385p
100 1# - ASIENTO PRINCIPAL -- NOMBRE PERSONAL
Nombre personal Aleth, Kirsten
245 10 - MENCIÓN DE TITULO
Título Plagas domésticas :
Subtítulo cuaderno de ecología doméstica no. 2 /
Mención de responsabilidad Kirsten Aleth
260 ## - PUBLICACIÓN, DISTRIBUCIÓN, ETC. (PIE DE IMPRENTA)
Lugar de publicación, distribución, etc Santo Domingo :
Nombre del editor, distribuidor, etc. Centro Dominicano de Educación Ecológica
Fecha de publicación, distribución, etc [200?]
300 ## - DESCRIPCIÓN FÍSICA
Extensión 28 p. :
Otros detalles físicos il. ;
Dimensiones 29 cm.
650 #4 - ENCABEZAMIENTO DE MATERIA--TEMÁTICO
Término temático o nombre geográfico como elemento de entrada PLAGAS CASERAS
650 #4 - ENCABEZAMIENTO DE MATERIA--TEMÁTICO
Término temático o nombre geográfico como elemento de entrada INSECTOS ÚTILES Y PERJUDICIALES
650 #4 - ENCABEZAMIENTO DE MATERIA--TEMÁTICO
Término temático o nombre geográfico como elemento de entrada CONTROL INTEGRADO DE PLAGAS
650 #4 - ENCABEZAMIENTO DE MATERIA--TEMÁTICO
Término temático o nombre geográfico como elemento de entrada CONTROL BIOLÓGICO DE PLAGAS
910 ## - VALIDACIÓN
Validación Validado. Control de calidad EMS.
942 ## - ADDED ENTRY ELEMENTS (KOHA)
Source of classification or shelving scheme Dewey Decimal Classification
Koha item type Libros
945 ## - INFORMACIÓN DE PROCESAMIENTO LOCAL
Información de procesamiento local Remanejado para la BNPHU, 2018 / BT
956 ## - LOCAL ELECTRONIC LOCATION AND ACCESS (OCLC)
Nombre de host NMORDAN
Número de acceso 10
Información de compresión 20110330
Inicio de sesión BND01
Procesador de solicitud 0837
956 ## - LOCAL ELECTRONIC LOCATION AND ACCESS (OCLC)
Nombre de host EMARRERO
Número de acceso 40
Información de compresión 20131222
Inicio de sesión BND01
Procesador de solicitud 1333
956 ## - LOCAL ELECTRONIC LOCATION AND ACCESS (OCLC)
Nombre de host VMATEO
Número de acceso 10
Información de compresión 20150512
Inicio de sesión BMET02
Procesador de solicitud 00151
Existencias
Withdrawn status Lost status Source of classification or shelving scheme Damaged status Not for loan Collection code Home library Current library Date acquired Source of acquisition Total Checkouts Barcode Date last seen Price effective from Koha item type
    Dewey Decimal Classification     Colección Infantil Dominicana Biblioteca Pública Metropolitana Salomé Ureña Biblioteca Pública Metropolitana Salomé Ureña 05/12/2015 Donado por la BIBLIOTECA REPÜBLICA DOMINICANA   BPMSU15051691 05/12/2015 05/12/2015 Libros